| 000 | 00996nam2a22002531 4500 | ||
|---|---|---|---|
| 001 | rc\14866 | ||
| 005 | 20250620114639.0 | ||
| 010 |
_a5-217-01110-6 _910000 |
||
| 035 | _a(NLR Aleph) 005303207 | ||
| 090 |
_a6310310 _c6310310 |
||
| 100 | _a20021204d1992 |||y0rusy50 ca | ||
| 101 | 0 | _arus | |
| 102 | _aRU | ||
| 105 | _aa ||||||||| | ||
| 200 | 0 | _aТ. 3 | |
| 210 |
_d1992 _aБ. м. |
||
| 215 |
_a732 с. _cил. |
||
| 320 | _aПредм. указ.: с. 724-732 | ||
| 461 | 0 |
_1001rc\14863 _12001#$aСправочник конструктора-машиностроителя$eВ 3 т.$vТ. 3 _1700#1$aАнурьев$bВ.И.$gВасилий Иванович _96310283 _aАнурьев, В.И. _cМ. _d1992- _e7-е изд., перераб. и доп. _nМашиностроение _oВ 3 т. _tСправочник конструктора-машиностроителя _y5217003898 _vТ. 3 |
|
| 801 | 0 |
_aRU _bNLR _gpsbo |
|
| 801 | 1 |
_aRU _bELAR _2rusmarc |
|
| 852 |
_aNLR _j92-5/1027 |
||
| 942 | _cBOOK | ||
| 980 | _aNB | ||